The Fundamentals of International Human Rights Treaty Law / (Record no. 11718)
[ view plain ]
| 000 -LEADER | |
|---|---|
| fixed length control field | 01050nam a22002772 4500 |
| 001 - CONTROL NUMBER | |
| control field | 0000025455 |
| 005 - DATE AND TIME OF LATEST TRANSACTION | |
| control field | 20151217154546.0 |
| 008 - FIXED-LENGTH DATA ELEMENTS--GENERAL INFORMATION | |
| fixed length control field | 150924s xx 000 0 eng d |
| 020 ## - INTERNATIONAL STANDARD BOOK NUMBER | |
| International Standard Book Number | 9004176089 : |
| 040 ## - CATALOGING SOURCE | |
| Original cataloging agency | KABU |
| Transcribing agency | KABU |
| 100 1# - MAIN ENTRY--PERSONAL NAME | |
| Personal name | Ramcharand, Bertrand. |
| -- | 0000186102 |
| 245 14 - TITLE STATEMENT | |
| Title | The Fundamentals of International Human Rights Treaty Law / |
| Statement of responsibility, etc. | by Bertrand G. Ramcharan. |
| 260 ## - PUBLICATION, DISTRIBUTION, ETC. (IMPRINT) | |
| Place of publication, distribution, etc. | Boston : |
| Name of publisher, distributor, etc. | Martinus, |
| Date of publication, distribution, etc. | 2011. |
| 300 ## - PHYSICAL DESCRIPTION | |
| Extent | xv, 287 p. |
| 650 #0 - SUBJECT ADDED ENTRY--TOPICAL TERM | |
| Topical term or geographic name as entry element | Human rights. |
| -- | 0000150298 |
| 650 #0 - SUBJECT ADDED ENTRY--TOPICAL TERM | |
| Topical term or geographic name as entry element | Treaties. |
| -- | 0000160125 |
| 852 1# - LOCATION | |
| -- | P19500KES |
| 852 1# - LOCATION | |
| -- | P19500KES |
| 852 1# - LOCATION | |
| -- | P19500KES |
| 852 1# - LOCATION | |
| -- | P19500KES |
| 852 1# - LOCATION | |
| -- | P19500KES |
| 852 1# - LOCATION | |
| -- | P19500KES |
| 852 1# - LOCATION | |
| -- | P19500KES |
| 908 ## - PUT COMMAND PARAMETER (RLIN) | |
| Put command parameter | 150924 |
| 950 ## - LOCAL HOLDINGS (RLIN) | |
| -- | 1 |
| Withdrawn status | Lost status | Source of classification or shelving scheme | Not for loan | Home library | Current library | Date acquired | Total Checkouts | Full call number | Barcode | Date last seen | Date last checked out | Price effective from | Koha item type | Total Renewals |
|---|---|---|---|---|---|---|---|---|---|---|---|---|---|---|
| Library of Congress Classification | Kabarak, Main Campus | Kabarak, Main Campus | 17/12/2015 | 4 | K3240 .R35 2011 C.1 | 020138 | 08/10/2025 | 08/10/2025 | 17/12/2015 | General Collection | ||||
| Library of Congress Classification | Kabarak, Main Campus | Kabarak, Main Campus | 17/12/2015 | K3240 .R35 2011 C.2 | 020128 | 17/12/2015 | 17/12/2015 | General Collection | ||||||
| Library of Congress Classification | Kabarak, Main Campus | Kabarak, Main Campus | 17/12/2015 | 1 | K3240 .R35 2011 C.3 | 020134 | 25/09/2024 | 24/09/2024 | 17/12/2015 | General Collection | ||||
| Library of Congress Classification | Kabarak, Main Campus | Kabarak, Main Campus | 17/12/2015 | 2 | K3240 .R35 2011 C.4 | 020126 | 25/07/2019 | 25/06/2019 | 17/12/2015 | General Collection | 1 | |||
| Library of Congress Classification | Kabarak, Main Campus | Kabarak, Main Campus | 17/12/2015 | 2 | K3240 .R35 2011 C.6 | 020132 | 29/06/2017 | 29/05/2017 | 17/12/2015 | General Collection | ||||
| Library of Congress Classification | Kabarak, Main Campus | Kabarak, Main Campus | 17/12/2015 | K3240 .R35 2011 C.7 | 020130 | 17/12/2015 | 17/12/2015 | General Collection | ||||||
| Library of Congress Classification | Kabarak, Main Campus | Kabarak, Main Campus | 17/12/2015 | K3240 .R35 2011 C.5 | 020136 | 17/12/2015 | 17/12/2015 | General Collection |